Loading...
| Beliefs | 13 | 16.15 | 1,939% | 323% | 323% |
| Current Events | 4 | 17.50 | 2,700% | 300% | 300% |
| Fine Arts - Auditory | 1 | 10.00 | 0% | 0% | 600% |
| Fine Arts - Visual | 4 | 25.00 | 2,700% | 600% | 450% |
| Geography | 2 | 15.00 | 1,800% | 300% | 300% |
| History - American | 3 | 16.67 | 2,400% | 400% | 200% |
| History - European | 6 | 21.67 | 3,000% | 300% | 500% |
| History - World | 7 | 12.86 | 2,057% | 343% | 86% |
| Literature - American | 5 | 16.00 | 1,440% | 480% | 240% |
| Literature - British | 5 | 16.00 | 2,160% | 360% | 240% |
| Literature - European | 6 | 15.00 | 600% | 200% | 600% |
| Other Arts: Auditory | 4 | 15.00 | 1,800% | 300% | 300% |
| Other Arts: Visual | 2 | 15.00 | 1,800% | 300% | 300% |
| Other Science: Astronomy | 1 | 10.00 | 0% | 600% | 0% |
| Other Science: Computer Science | 1 | 20.00 | 3,600% | 600% | 0% |
| Other Science: Earth Science | 3 | 16.67 | 1,200% | 600% | 200% |
| Other Science: Math | 2 | 15.00 | 1,800% | 0% | 600% |
| Philosophy | 4 | 25.00 | 2,700% | 600% | 450% |
| Science - Biology | 2 | 15.00 | 3,600% | 0% | 300% |
| Science - Chemistry | 4 | 22.50 | 2,700% | 450% | 450% |
| Science - Physics | 5 | 18.00 | 2,880% | 240% | 360% |
| Social Science | 5 | 18.00 | 2,160% | 240% | 480% |
| 13 | 17.69 | 2,492% | 369% | 277% |